00849 2200277 4500001002100000005001700021008004100038020002200079035002400101040001200125041000800137082001800145084001800163090002200181100004200203245013400245250001100379260003200390300002800422504003100450650002000481700001800501850001200519990002200531990001800553INLIS00000000003081920170911135332.0  a978-602-6827-15-9 0010-091700000000187 aYOPDYOG0 aind042[23]a297.265 a297.265 Muh K aDEP 297.265 Muh K0 aMUHAMMAD ALFATIH SURYADILAGAd, 1974-1 aKonsep ilmu dalam kitab hadisb: studi atas kitab al-Kafi karya al-Kulainic/ Muhammad Alfatih Suryadilaga; editor, Shohibul Adib aCet. 1 aYogyakartabKalimediac2016 avii, 227 hlm.c; 20 cm. aBibliografi : hlm. 201-220 4aIslam dan sains0 aShohibul Adib aYOPDYOG aCB-D.11/2016-2393 a56908-PD/A.17